The role of the state / (Record no. 76374)

MARC details
000 -LEADER
fixed length control field 00729nam a22002057a 4500
005 - DATE AND TIME OF LATEST TRANSACTION
control field 20130618125447.0
010 ## - LCCN (DPL NO)
LC control number ENG-107484
020 ## - INTERNATIONAL STANDARD BOOK NUMBER
International Standard Book Number 9780415842549
Terms of availability 695.00
035 ## - SYSTEM CONTROL NUMBER
System control number EN-91017
037 ## - SOURCE OF ACQUISITION
Source of stock number/acquisition DBAD/PUB
245 ## - TITLE STATEMENT
Title The role of the state /
Statement of responsibility, etc edited by Mario Scerri [and] Helena M M Lastres
260 ## - PUBLICATION, DISTRIBUTION, ETC. (IMPRINT)
Place of publication, distribution, etc New Delhi
Name of publisher, distributor, etc Routledge
Date of publication, distribution, etc 2013
270 ## - ADDRESS
Address 912Tolstoy House, 15-17 Tolstoy Marg, Connaught Place
City New Delhi
Postal code 110001
300 ## - PHYSICAL DESCRIPTION
Extent li,337p.
Dimensions 23cm(Hb)
490 ## - SERIES STATEMENT
Series statement BRICS-National systems of innovation ; edited by Jose E. Cassiolato [and] Maria Clara Couto Soares
500 ## - GENERAL NOTE
General note Includes bibliographical references and index
700 ## - ADDED ENTRY--PERSONAL NAME
Personal name Scerri, Mario
700 ## - ADDED ENTRY--PERSONAL NAME
Personal name Lastres, Helena M.M.
942 ## - ADDED ENTRY ELEMENTS (KOHA)
Source of classification or shelving scheme Dewey Decimal Classification
Item type English Books
Call number suffix ROL
Holdings
Withdrawn status Lost status Not for loan Collection code Home library Current library Date acquired Source of acquisition Cost, normal purchase price Full call number Barcode Copy number Cost, replacement price Koha item type
    Not For Loan Non-fiction D.B.Act.Division D.B.Act.Division 30/05/2013 DBAD/PUB 695.00 ROL EN-91017 1 695.00 English Books

© Delhi Public Library
Hit Counter
free hit counter